-
BISHOP, MATT AND VENKATARAMANAYYA, SATHYANARAYANA S
Entry Personal Name
Number of records used in: 1
001 - CONTROL NUMBER
003 - CONTROL NUMBER IDENTIFIER
005 - DATE AND TIME OF LATEST TRANSACTION
- control field:
20241015164152.0
008 - FIXED-LENGTH DATA ELEMENTS
- fixed length control field:
241015|| aca||aabn | a|a d
040 ## - CATALOGING SOURCE
- Original cataloging agency:
JRU
- Transcribing agency:
JRU
100 ## - HEADING--PERSONAL NAME
- Personal name:
BISHOP, MATT AND VENKATARAMANAYYA, SATHYANARAYANA S
670 ## - SOURCE DATA FOUND
- Source citation:
Work cat.: (JRU)5027: BISHOP, MATT AND VENKATARAMANAYYA, SATHYANARAYANA S., INTRODUCTION TO COMPUTER SECURITY, 2012